Paesi più vicini alle Barbados - Morte improvvisa - Statistics

Statistiche generali
  • Questo quiz è stato fatto 10 volte
  • Il punteggio medio è 2 su 15
Answers on the Grid
Answers color-coded by a green-red scale on the quiz's grid according to % correct below.
Saint Lucia
Saint Vincent e Grenadine
Grenada
Trinidad e Tobago
Dominica
Venezuela
Antigua e Barbuda
Guyana
Saint Kitts e Nevis
Suriname
Brasile
Repubblica Dominicana
Colombia
Haiti
Bahamas
Cuba
Giamaica
Stati Uniti
Canada
Messico
Guatemala
El Salvador
Belize
Honduras
Nicaragua
Costa Rica
Panama
Ecuador
Bolivia
Perù
 
Statistiche sulle risposte
Risposta % Corretto
Haiti
43%
Trinidad e Tobago
43%
Antigua e Barbuda
29%
Dominica
29%
Saint Lucia
29%
Bahamas
14%
Repubblica Dominicana
14%
Saint Kitts e Nevis
14%
Saint Vincent e Grenadine
14%
Brasile
0%
Colombia
0%
Grenada
0%
Guyana
0%
Suriname
0%
Venezuela
0%
Nessun quiz corrispondente trovato
Distribuzione punteggi
Percentuale di utenti per punteggio
Percentile per numero di risposta
I tuoi punteggi nel tempo
Non hai fatto questo quiz